| 000 | 00689nam a22002177a 4500 | ||
|---|---|---|---|
| 001 | 37227 | ||
| 003 | BD-RjUL | ||
| 005 | 20211209052606.0 | ||
| 008 | 141116s1997 ii ||||| |||| 00| 0 eng d | ||
| 035 | _a(BD-RjUL)37329 | ||
| 040 |
_aBD-RjUL _beng _cBD-RjUL |
||
| 041 | _aeng | ||
| 082 |
_a630.2515 _bBAA 1997 |
||
| 100 |
_a Baldy, Charles. _9114030 |
||
| 245 |
_aAgrometeorology of multiple cropping in warm climates / _cCharles Baldy, C.J. Stigter |
||
| 260 |
_aNew Delhi : _b Oxford & IBH Pub. Co. Pvt. Ltd., _c c1997. |
||
| 300 |
_ax, 237 p., [4] p. of plates : _b ill. ; _c24 cm. |
||
| 650 |
_aMeteorology, Agricultural _9114031 |
||
| 700 |
_aStigter, C. J. _9114032 |
||
| 942 |
_2ddc _cBK |
||
| 999 |
_c37227 _d37227 |
||